00347nam a2200121 a 45000010005000000030005000050050017000100080041000270400026000681000024000942450073001182600034001911154CDMR20130116135201.0130130s1989||||||||||||||||||||||||||||d aCDMRbcatcCPC GIRONA1 aDe Fluvià, Armand14aEls primitius comtats i vescomtats de Catalunyacde Fluvià, Armand c1989bEnciclopèdia catalana